000 00525nam a2200145 a 4500
008 120416s1980 ||||||||||||||||| || u
050 _aNA 2542.35 Bro
100 _aBrolin, Brent G
245 1 0 _aArchitecture in context
246 _afitting new buildings with old
260 _aNew York
_bVan Nostrand Reinhold
_c1980
300 _a160p. : ill.
350 _a0.00
995 _D0.00
_FCBU-MAIN LIBRARY (Kitwe)
_H1
_I16.95
_UAVAILABLE
_ZMain Library Open Access Collection
999 _c34782
_d34782